Marx y los sindicatos /

Con este libro, el autor refuta las ideas que difundieron al trabajo de Marx como ajeno a la vida cotidiana y para ello se basa en la recopilación de los trabajos prácticos que realizó Marx en su calidad de dirijente de la Asociación Internacional de Traba jadores, la Primera Internacional.

Uloženo v:
Podrobná bibliografie
Hlavní autor: Losovsky, V. (autor)
Médium: Kniha
Jazyk:španělština
Edice:(Colección 70 ; Primera Serie) 45.
Témata:
Tagy: Přidat tag
Žádné tagy, Buďte první, kdo vytvoří štítek k tomuto záznamu!

MARC

LEADER 00000nam^a2200000^a^4500
001 000038223
005 20250521000000.0
009 20260310085456.63
037 |a Acervo ITESO - Biblioteca 
041 |a ESP 
082 |a 335. 411  |b LOS 
100 |a Losovsky, V.  |e (autor) 
245 1 0 |a Marx y los sindicatos /  |c V. Losovsky; tr. por: Rafael Cáceres C. 
264 |a México :  |b Grijalbo,  |c 1969 
300 |a 159 p. 
336 |a texto  |b txt  |2 rdacontenido 
337 |a sin mediación  |b n  |2 rdamedio 
338 |a volumen  |b nc  |2 rdasoporte 
440 1 |a (Colección 70 ;  |v 45.  |p Primera Serie) 
500 |a Traducción de: Marx Und Der Syndikaten 
520 |a Con este libro, el autor refuta las ideas que difundieron al trabajo de Marx como ajeno a la vida cotidiana y para ello se basa en la recopilación de los trabajos prácticos que realizó Marx en su calidad de dirijente de la Asociación Internacional de Traba jadores, la Primera Internacional. 
649 |a XX 
650 |a Sociología 
650 |a Economía -  |x Aspectos Políticos 
650 |a Sindicalismo Independiente 
650 |a Sindicalismo 
910 |a Fondo General 
920 |a Impresos - Libros 
930 |a Colección General 
905 |a 101 
901 |a 0382230100  |b IT1  |c ACC  |i 038223  |u 20250521 
902 |a https://opac.biblio.iteso.mx/vufind/Record/000038223